|
|
|
|
| LEADER |
00000nam0a2200000 4500 |
| 001 |
93604 |
| 005 |
20231031105251.0 |
| 035 |
|
|
|a (RuTPU)RU\TPU\book\100216
|
| 090 |
|
|
|a 93604
|
| 100 |
|
|
|a 20060330d1973 km y0rusy50 ca
|
| 101 |
0 |
|
|a rus
|
| 102 |
|
|
|a RU
|
| 105 |
|
|
|a a z 001zy
|
| 200 |
1 |
|
|a Монтаж, наладка и эксплуатация оборудования окрасочных цехов
|f С. И. Борисенко [и др.]
|
| 210 |
|
|
|a Ленинград
|c Химия
|d 1973
|
| 215 |
|
|
|a 152 с.
|c ил.
|
| 320 |
|
|
|a Библиогр.: с. 148-149.
|
| 610 |
1 |
|
|a окраска
|
| 610 |
1 |
|
|a окрасочные работы
|
| 610 |
1 |
|
|a окрасочные цехи
|
| 610 |
1 |
|
|a оборудование
|
| 610 |
1 |
|
|a монтаж
|
| 610 |
1 |
|
|a наладка
|
| 610 |
1 |
|
|a эксплуатация
|
| 675 |
|
|
|a 667.66
|v 3
|
| 701 |
|
1 |
|a Борисенко
|b С. И.
|g Степан Илларионович
|
| 701 |
|
1 |
|a Горелик
|b С. Г.
|g Семен Григорьевич
|
| 701 |
|
1 |
|a Луковский
|b А. М.
|g Арон Михайлович
|
| 701 |
|
1 |
|a Михайлов
|b А. Ф.
|g Алексей Федорович
|
| 801 |
|
1 |
|a RU
|b 63413507
|c 20060330
|g PSBO
|
| 801 |
|
2 |
|a RU
|b 63413507
|c 20090522
|g PSBO
|
| 942 |
|
|
|c BK
|